| 000 | 01795nam a2200517 i 4500 | ||
|---|---|---|---|
| 001 | 33821 | ||
| 003 | KOSZ 005 | ||
| 005 | 20221215102744.0 | ||
| 008 | 991127s1998 pl a |000 0 pol | ||
| 015 | _aUWD 2000/1046 | ||
| 020 | _a8387655029 | ||
| 020 | _a838765510X | ||
| 035 | _a991011797449705066 | ||
| 035 | _a(PL-WaBN)b13203289-48omnis_nlop | ||
| 035 | _ab13203289 | ||
| 035 | _a(OCoLC)749472471 | ||
| 035 | _a(PL)b0000001320328 | ||
| 035 | _a(EXLNZ-48OMNIS_NETWORK)9910444945905606 | ||
| 040 |
_aWA N _cWA N _dKOSZ 005/HR |
||
| 041 | 0 | _apol | |
| 046 | _k1998 | ||
| 080 | _a658.1/.5 | ||
| 080 | _a(075.3.053.7) | ||
| 100 | 1 |
_aChudy, Stanisław _eAutor |
|
| 245 | 1 | 0 |
_aEkonomika i organizacja przedsiębiorstw : _bpodręcznik. _nCz. 2 / _cStanisław Chudy, Franciszek Kabat, Marian Pietraszewski. |
| 250 | _aWyd. 4. | ||
| 260 |
_aPoznań : _b"eMPi²2", _c1998. |
||
| 300 |
_a181, [1] s. : _bil. ; _c24 cm. |
||
| 336 |
_aTekst _btxt _2rdacontent |
||
| 337 |
_aBez urządzenia pośredniczącego _bn _2rdamedia |
||
| 338 |
_aWolumin _bnc _2rdacarrier |
||
| 380 | _aKsiążki | ||
| 388 | _a1901-2000 | ||
| 388 | _a1989-2000 | ||
| 490 | 1 | _aMateriały i Podręczniki Mariana Pietraszewskiego | |
| 650 | 7 |
_aEkonomika przedsiębiorstwa _2DBN |
|
| 655 | 7 |
_aPodręczniki dla szkół zawodowych _2DBN |
|
| 658 | _aZarządzanie i marketing | ||
| 700 | 1 |
_aKabat, Franciszek _eAutor |
|
| 700 | 1 |
_aPietraszewski, Marian _eAutor |
|
| 710 | 2 |
_aWydawnictwo eMPi² Mariana Pietraszewskiego _4pbl |
|
| 830 | 0 | _aMateriały i Podręczniki Mariana Pietraszewskiego | |
| 856 |
_uhttp://koha.tu.koszalin.pl/cgi-bin/koha/opac-detail.pl?biblionumber=33821 _yKatalog online BPK |
||
| 942 |
_2UKD _cKS |
||
| 999 |
_c33821 _d33821 |
||